Normal view
MARC view
Entry Personal Name
001 - CONTROL NUMBER
- control field: 43262
003 - CONTROL NUMBER IDENTIFIER
- control field: ARRUPE
005 - DATE AND TIME OF LATEST TRANSACTION
- control field: 20181102121131.0
008 - FIXED-LENGTH DATA ELEMENTS
- fixed length control field: 181102|| aca||aabn | a|a d
040 ## - CATALOGING SOURCE
- Original cataloging agency: ARRUPE
- Transcribing agency: ARRUPE
100 ## - HEADING--PERSONAL NAME
- Personal name: Jesus Christ
- General subdivision: Passion
- General subdivision: Meditations
670 ## - SOURCE DATA FOUND
- Source citation: Work cat.: (ARRUPE): Martini, Carlo Maria 6591, Promise fulfilled, 1994